000 00657nam a22002297a 4500
003 UA-OsUOA
001 86794
007 ta
008 20120911b un ||||| |||| 00| 0 ukr d
100 _aБаграмян И. Х.
090 _a94(4)"1939/1945"
_bБ14
942 _cBK
040 _aUA-OsUOA
_brus
_cUA-OsUOA
_dUA-OsUOA
245 _aТак начиналась война
_bвоенные мемуары
300 _a512 с.
955 _a1
041 _arus
080 _a94(4)"1939/1945"
260 _aМ.
_bВоениздат
_c1971
650 7 _a9 Географія. Біографії. Історія
_2UDC
999 _c372968
_d372968